|
|
|
|
| LEADER |
01252nam a2200289 a 4500 |
| 001 |
13816914 |
| 008 |
041216s2006 mauab 000 0 eng d |
| 010 |
|
|
|a 2004117882
|
| 020 |
|
|
|a 1413003974 (alk. paper)
|
| 040 |
|
|
|a DLC
|c DLC
|d DLC
|d BD-DhAAL
|
| 082 |
0 |
0 |
|a 428.3/4
|2 22
|
| 100 |
1 |
|
|a Dunkel, Patricia.
|
| 245 |
1 |
0 |
|a Intermediate listening comprehension :
|b understanding and recalling spoken English /
|c Patricia Dunkel, Phyllis L. Lim.
|
| 250 |
|
|
|a 3rd ed.
|
| 260 |
|
|
|a Boston :
|b Thomson Heinle,
|c c2006.
|
| 300 |
|
|
|a xi, 193 p. :
|b ill., maps ;
|c 28 cm.
|
| 490 |
1 |
|
|a Listening and notetaking skills ;
|v 1
|
| 541 |
|
|
|a 26892
|
| 650 |
|
0 |
|a English language
|x Textbooks for foreign speakers.
|
| 650 |
|
0 |
|a English language
|x Spoken English
|v Problems, exercises, etc.
|
| 650 |
|
0 |
|a Listening
|v Problems, exercises, etc.
|
| 650 |
|
0 |
|a Listening comprehension.
|
| 700 |
1 |
|
|a Lim, Phyllis L.
|
| 800 |
1 |
|
|a Dunkel, Patricia.
|t Listening and notetaking skills ;
|v 1.
|
| 852 |
1 |
|
|a Ayesha Abed Library
|c General shelf.
|
| 999 |
|
|
|c 13432
|d 13432
|
| 952 |
|
|
|0 0
|1 0
|2 ddc
|4 0
|6 428_340000000000000_DUN
|7 0
|9 22370
|a BRACUL
|b BRACUL
|c GEN
|d 2012-05-16
|e Trim education
|g 1950.00
|l 0
|o 428.34 DUN
|p 3010026892
|r 2013-05-16
|t 1
|w 2012-05-16
|y BK
|x Transferred from BIL to BRACUL on 06/06/22
|